000 00874nas a2200289 4500
001 BR9904721
003 BR-BrBNA
005 20231205101603.0
007 ta
008 230509b bl.|||p| |||| 00| 00por d
040 _aBR-BrBNA
_bpor
_cBiblioteca Nacional de Agricultura
041 _a(Pt)
072 _aP10; F06
100 1 _aSilva Junior, L.G. de A.
100 1 _aGheyi, H.R.
100 1 _aMedeiros, J.F. de
245 1 _aComposicao quimica de aguas do cristalino do nordeste brasileiro
650 _aAgua
650 _aComposicao Quimica
650 _aQualidade da Agua
650 _aSalinidade
650 _aIrrigacao
650 _aNordeste
773 0 _tRevista Brasileira de Engenharia Agricola e Ambiental (Brazil)
_xISSN 1415-4366
_g(Jan-Apr 1999), v. 3(1) p. 11-17
_wBR9904721
909 _a202311
_bLúcia
_c55
_dLúcia Elande
942 _2AGRIS
_n0
_cANA
999 _c162697
_d162697